[Event "Giraldilla de La Habana op"]
[Site "Havana"]
[Date "2018.07.30"]
[Round "5"]
[White "Almagro Padilla, Alexander"]
[Black "Lopez Rippel, Ricardo"]
[Result "1/2-1/2"]
[WhiteElo "1902"]
[BlackElo "1971"]
[PlyCount "37"]
[EventDate "2018.07.28"]
[EventType "swiss"]
[EventRounds "9"]
[EventCountry "CUB"]
[SourceTitle "EXT 2021"]
[Source "ChessBase"]
[SourceDate "2020.10.23"]
[SourceVersion "1"]
[SourceVersionDate "2020.10.23"]
[SourceQuality "1"]

1. d4 Nf6 2. c4 g6 3. Nf3 Bg7 4. Bg5 d5 5. Nc3 Ne4 6. cxd5 Nxg5 7. Nxg5 e6 8. Nf3 exd5 9. e3 0-0 10. b4 c6 11. Be2 a6 12. a4 Be6 13. 0-0 Nd7 14. b5 axb5 15. axb5 c5 16. Qd2 Rxa1 17. Rxa1 cxd4 18. Nxd4 Bxd4 19. Qxd4 1/2-1/2

[Event "Capablanca Memorial op 53rd"]
[Site "Havana"]
[Date "2018.05.12"]
[Round "4"]
[White "Lopez Rippel, Ricardo"]
[Black "Venzant Batista, Marcia Camila"]
[Result "0-1"]
[WhiteElo "2040"]
[BlackElo "2027"]
[PlyCount "129"]
[EventDate "2018.05.09"]
[EventType "swiss"]
[EventRounds "10"]
[EventCountry "CUB"]
[SourceTitle "EXT 2021"]
[Source "ChessBase"]
[SourceDate "2020.10.23"]
[SourceVersion "1"]
[SourceVersionDate "2020.10.23"]
[SourceQuality "1"]

1. e4 e6 2. d4 d5 3. e5 c5 4. Nf3 Nc6 5. c3 Qb6 6. Be2 cxd4 7. cxd4 Nge7 8. Nc3 Nf5 9. Na4 Bb4+ 10. Kf1 Qd8 11. g3 0-0 12. Kg2 f6 13. Bf4 fxe5 14. Bxe5 Bd6 15. Bxd6 Nxd6 16. Nc5 Qf6 17. Rc1 Nf5 18. Nb3 Bd7 19. Qd2 Be8 20. Qg5 Qxg5 21. Nxg5 Ncxd4 22. Nxd4 Nxd4 23. Bg4 Bf7 24. Rc7 h6 25. Nxf7 Rxf7 26. Rhc1 Rxc7 27. Rxc7 Rb8 28. f4 Kf8 29. Kf2 a6 30. Ke3 Nb5 31. Rd7 Re8 32. a4 Na7 33. Rxb7 Nc8 34. Kd4 Nd6 35. Rb6 Ke7 36. Rxa6 Rb8 37. Ra7+ Kf6 38. Kc3 Ne4+ 39. Kc2 Rc8+ 40. Kb1 Rb8 41. Ka2 Nc5 42. a5 Nd3 43. b3 Nc1+ 44. Ka3 Nxb3 45. a6 Nc5 46. Be2 d4 47. Bd1 Rb6 48. Rc7 Rxa6+ 49. Kb4 Ra1 50. Rxc5 Rxd1 51. Re5 d3 52. Kc3 Rh1 53. Rh5 Kg6 54. g4 Rg1 55. Rh4 Rf1 56. f5+ exf5 57. gxf5+ Kxf5 58. Kxd3 Rf4 59. Rh3 Rf2 60. Ke3 Ra2 61. Rf3+ Kg5 62. Rg3+ Kf6 63. h4 Ra3+ 64. Kf4 Rxg3 65. Kxg3 0-1

[Event "Maria Teresa Mora Memorial op"]
[Site "Havana"]
[Date "2018.03.08"]
[Round "1"]
[White "Lopez Rippel, Ricardo"]
[Black "Perez Marin, Olivia"]
[Result "1-0"]
[WhiteElo "2033"]
[BlackElo "1831"]
[PlyCount "59"]
[EventDate "2018.03.08"]
[EventType "swiss"]
[EventRounds "9"]
[EventCountry "CUB"]
[SourceTitle "EXT 2021"]
[Source "ChessBase"]
[SourceDate "2020.10.23"]
[SourceVersion "1"]
[SourceVersionDate "2020.10.23"]
[SourceQuality "1"]

1. e4 e6 2. d4 d5 3. e5 c5 4. Nf3 Nc6 5. c3 cxd4 6. cxd4 Qb6 7. Nc3 Nh6 8. Bd3 Bd7 9. Bc2 Be7 10. 0-0 0-0-0 11. a3 f6 12. exf6 Bxf6 13. Na4 Qb5 14. b4 Ne7 15. Nc5 Nf7 16. Ba4 Qb6 17. Nxd7 Rxd7 18. Bxd7+ Kxd7 19. Bf4 g5 20. Bg3 Nc6 21. Rc1 h5 22. Re1 h4 23. Be5 Nfxe5 24. Nxe5+ Bxe5 25. dxe5 Rf8 26. Rc2 Nd4 27. Rc5 Rf4 28. Qh5 a5 29. Qh7+ Ke8 30. Qg8+ 1-0

[Event "Maria Teresa Mora Memorial op"]
[Site "Havana"]
[Date "2018.??.??"]
[Round "7"]
[White "Lopez Rippel, Ricardo"]
[Black "Blanco Milet, Leandro"]
[Result "0-1"]
[WhiteElo "2033"]
[BlackElo "2053"]
[PlyCount "78"]
[EventDate "2018.03.08"]
[EventType "swiss"]
[EventRounds "9"]
[EventCountry "CUB"]
[SourceTitle "EXT 2021"]
[Source "ChessBase"]
[SourceDate "2020.10.23"]
[SourceVersion "1"]
[SourceVersionDate "2020.10.23"]
[SourceQuality "1"]

1. e4 d5 2. exd5 Nf6 3. Bb5+ Bd7 4. Bc4 Bg4 5. f3 Bf5 6. Nc3 Nbd7 7. d4 Nb6 8. Bb3 a5 9. a4 Nbxd5 10. Nge2 e6 11. 0-0 Be7 12. Nxd5 Nxd5 13. Ng3 Bg6 14. f4 0-0 15. c4 Nb4 16. d5 Bc5+ 17. Kh1 Qh4 18. Rf3 exd5 19. f5 Bh5 20. Nxh5 Qxh5 21. cxd5 Rad8 22. Bf4 Nxd5 23. Bxd5 c6 24. Bxf7+ Qxf7 25. Qc2 Qxf5 26. Qb3+ Qd5 27. Qxb7 Rd7 28. Qa6 g5 29. Qxa5 Rxf4 30. Rxf4 gxf4 31. Qe1 Be3 32. a5 Rd6 33. a6 Rh6 34. Qe2 Qd8 35. Qf3 Rd6 36. h3 Rd7 37. Qxc6 Rd1+ 38. Kh2 Bg1+ 39. Kh1 Bf2+ 0-1

[Event "Maria Teresa Mora Memorial IM2"]
[Site "Havana"]
[Date "2010.03.16"]
[Round "12"]
[White "Miranda Rodriguez, Tania"]
[Black "Lopez Rippel, Ricardo"]
[Result "1-0"]
[WhiteElo "2122"]
[BlackElo "2205"]
[PlyCount "87"]
[EventDate "2010.03.05"]
[EventType "tourn"]
[EventRounds "13"]
[EventCountry "CUB"]
[SourceTitle "EXT 2019"]
[Source "ChessBase"]
[SourceDate "2018.10.10"]
[SourceVersion "1"]
[SourceVersionDate "2018.10.10"]
[SourceQuality "1"]

1. e4 c5 2. Nf3 d6 3. d4 cxd4 4. Nxd4 Nf6 5. Nc3 g6 6. Be3 Bg7 7. f3 0-0 8. Qd2 Nc6 9. Bc4 Bd7 10. h4 Rc8 11. Bb3 Ne5 12. 0-0-0 Qa5 13. Kb1 Nc4 14. Bxc4 Rxc4 15. Nd5 Qxd2 16. Nxe7+ Kh8 17. Rxd2 Re8 18. h5 Rxe7 19. h6 Bf8 20. Bg5 Ne8 21. Bxe7 Bxe7 22. c3 Kg8 23. Nc2 Be6 24. Nd4 Bc8 25. Nc2 Bg5 26. Rd5 Be6 27. Rxg5 f5 28. Nd4 Kf7 29. exf5 gxf5 30. Re1 Bd7 31. f4 Rc5 32. Kc2 a5 33. Kd3 Rd5 34. g4 b5 35. b3 Kf6 36. Rg8 Kf7 37. Rexe8 Bxe8 38. Rg7+ Kf8 39. b4 axb4 40. cxb4 Rxd4+ 41. Kxd4 fxg4 42. Rxg4 Bg6 43. f5 Bxf5 44. Rf4 1-0

[Event "Maria Teresa Mora Memorial IM2"]
[Site "Havana"]
[Date "2010.03.15"]
[Round "11"]
[White "Lopez Rippel, Ricardo"]
[Black "Ragolta Franco, Eduardo"]
[Result "0-1"]
[WhiteElo "2205"]
[BlackElo "2175"]
[PlyCount "66"]
[EventDate "2010.03.05"]
[EventType "tourn"]
[EventRounds "13"]
[EventCountry "CUB"]
[SourceTitle "EXT 2019"]
[Source "ChessBase"]
[SourceDate "2018.10.10"]
[SourceVersion "1"]
[SourceVersionDate "2018.10.10"]
[SourceQuality "1"]

1. e4 e6 2. d3 c5 3. g3 Nc6 4. Bg2 g6 5. Nd2 Bg7 6. Ngf3 Nge7 7. 0-0 d5 8. Re1 b6 9. c3 a5 10. Nf1 0-0 11. Qe2 h6 12. h4 Ra7 13. N1h2 dxe4 14. dxe4 e5 15. Be3 Ba6 16. Qd2 Rd7 17. Qc1 Kh7 18. Ng4 Ng8 19. Bh3 Rd6 20. Bf1 Bxf1 21. Rxf1 f5 22. exf5 gxf5 23. Qc2 e4 24. Bf4 exf3 25. Bxd6 Qxd6 26. Rad1 Qg6 27. Ne3 Ne5 28. Kh1 h5 29. Rfe1 Ne7 30. Nd5 Nxd5 31. Rxd5 Qg4 32. Kh2 Ng6 33. Qd3 Nf4 0-1

[Event "Maria Teresa Mora Memorial IM2"]
[Site "Havana"]
[Date "2010.03.14"]
[Round "10"]
[White "Alvarez Morales, Dayana Giselle"]
[Black "Lopez Rippel, Ricardo"]
[Result "1-0"]
[WhiteElo "2025"]
[BlackElo "2205"]
[PlyCount "57"]
[EventDate "2010.03.05"]
[EventType "tourn"]
[EventRounds "13"]
[EventCountry "CUB"]
[SourceTitle "EXT 2019"]
[Source "ChessBase"]
[SourceDate "2018.10.10"]
[SourceVersion "1"]
[SourceVersionDate "2018.10.10"]
[SourceQuality "1"]

1. e4 c5 2. Nf3 d6 3. d4 cxd4 4. Nxd4 Nf6 5. Nc3 g6 6. Bg5 Bg7 7. Be2 0-0 8. 0-0 Nbd7 9. Kh1 b6 10. f4 Bb7 11. Bf3 Rc8 12. e5 Bxf3 13. Nxf3 dxe5 14. fxe5 Ng4 15. Nd5 f6 16. Nd4 Ndxe5 17. Ne6 Qd6 18. Nxf8 fxg5 19. h3 Nh6 20. Nxe7+ Qxe7 21. Qd5+ Kh8 22. Ne6 Nf5 23. Rfe1 Nc4 24. Nxg7 Qxg7 25. Qe6 Ncd6 26. Rad1 Rd8 27. g4 Qb7+ 28. Kg1 Nh4 29. Qf6+ 1-0

[Event "Maria Teresa Mora Memorial IM2"]
[Site "Havana"]
[Date "2010.03.11"]
[Round "7"]
[White "Lopez Rippel, Ricardo"]
[Black "Martin Rosabal, Niuris"]
[Result "1-0"]
[WhiteElo "2205"]
[BlackElo "2010"]
[PlyCount "43"]
[EventDate "2010.03.05"]
[EventType "tourn"]
[EventRounds "13"]
[EventCountry "CUB"]
[SourceTitle "EXT 2019"]
[Source "ChessBase"]
[SourceDate "2018.10.10"]
[SourceVersion "1"]
[SourceVersionDate "2018.10.10"]
[SourceQuality "1"]

1. e4 e5 2. Nf3 Nc6 3. Bc4 Bc5 4. b4 Bxb4 5. c3 Be7 6. d4 Na5 7. Nxe5 Nxc4 8. Nxc4 d5 9. exd5 Qxd5 10. Ne3 Qd8 11. 0-0 Nf6 12. Nd2 0-0 13. Nf3 Be6 14. a4 Nd5 15. Qc2 c5 16. Ba3 cxd4 17. cxd4 Re8 18. Bxe7 Qxe7 19. Rac1 Rac8 20. Nxd5 Bxd5 21. Qxc8 Bxf3 22. gxf3 1-0